[Event "Gibraltar Masters"]
[Site "Caleta"]
[Date "2005.01.25"]
[Round "1"]
[White "Gomez Zambrana, Pedro Alfonso"]
[Black "White, Kevin"]
[Result "0-1"]
[WhiteElo "2019"]
[BlackElo "2035"]
[PlyCount "78"]
[EventDate "2005.01.25"]
[EventType "swiss"]
[EventRounds "10"]
[EventCountry "GGB"]
[SourceTitle "CBM 104 Extra"]
[Source "ChessBase"]
[SourceDate "2005.03.01"]
[SourceVersion "1"]
[SourceVersionDate "2005.03.01"]
[SourceQuality "1"]

1. Nf3 d6 2. d4 g6 3. c4 Bg7 4. Nc3 Nf6 5. e4 0-0 6. Be2 e5 7. d5 h6 8. g3 Nbd7 9. Qc2 a5 10. 0-0 Nc5 11. Nh4 Bh3 12. Re1 Nh7 13. Bf1 Bd7 14. Be3 Qe8 15. a3 f5 16. b4 Nxe4 17. Nxe4 fxe4 18. c5 g5 19. Ng2 Nf6 20. cxd6 cxd6 21. Qc7 Ng4 22. Qxd6 axb4 23. Qxb4 Qh5 24. h4 gxh4 25. Nxh4 Bf6 26. Qxe4 Bxh4 27. gxh4 Ra4 28. Qc2 Kh8 29. Bc5 Qxh4 30. Bg2 Rg8 31. f3 Qh2+ 32. Kf1 Bb5+ 33. Re2 Nf6 34. Ke1 Bxe2 35. Qxe2 Rxg2 36. Bf2 Rh4 37. Rd1 Qf4 38. Qd3 Rxf2 39. Kxf2 Ng4+ 0-1

[Event "IECG WC.2005.T.00001 email"]
[Site "IECG email"]
[Date "2004.12.15"]
[Round "?"]
[White "De Silva, Dinesh"]
[Black "White, Kevin"]
[Result "1/2-1/2"]
[WhiteElo "2381"]
[BlackElo "2339"]
[PlyCount "60"]
[EventDate "2004.12.15"]
[EventType "tourn (corr)"]
[EventRounds "10"]
[SourceTitle "Corr 2008"]
[Source "ChessBase"]
[SourceDate "2008.06.24"]
[SourceVersion "1"]
[SourceVersionDate "2008.06.24"]
[SourceQuality "1"]

1. d4 Nf6 2. c4 g6 3. Nc3 Bg7 4. e4 0-0 5. Nf3 d6 6. Be2 e5 7. 0-0 Nc6 8. d5 Ne7 9. Ne1 Nd7 10. Nd3 f5 11. f3 Nf6 12. Bd2 Kh8 13. b4 h5 14. exf5 Nxf5 15. Nf2 c6 16. Bd3 cxd5 17. Nxd5 Nxd5 18. cxd5 Bd7 19. a4 Qb6 20. Qe1 Be8 21. Qe4 Bf7 22. Bg5 Rac8 23. Rfd1 a6 24. a5 Qa7 25. g4 hxg4 26. fxg4 Bh6 27. Bf6+ Bg7 28. Bg5 Bh6 29. Bf6+ Bg7 30. Bg5 Bh6 1/2-1/2

[Event "IECG WC.2005.T.00001 email"]
[Site "IECG email"]
[Date "2004.12.15"]
[Round "?"]
[White "White, Kevin"]
[Black "Da Silva, Flavio Arnaldo Brag"]
[Result "1/2-1/2"]
[WhiteElo "2339"]
[BlackElo "2331"]
[PlyCount "37"]
[EventDate "2004.12.15"]
[EventType "tourn (corr)"]
[EventRounds "10"]
[SourceTitle "Corr 2008"]
[Source "ChessBase"]
[SourceDate "2008.06.24"]
[SourceVersion "1"]
[SourceVersionDate "2008.06.24"]
[SourceQuality "1"]

1. e4 e5 2. Nf3 Nc6 3. Bb5 a6 4. Ba4 Nf6 5. 0-0 Be7 6. Re1 b5 7. Bb3 0-0 8. c3 d5 9. d4 exd4 10. e5 Ne4 11. cxd4 Bg4 12. Nc3 Bxf3 13. gxf3 Nxc3 14. bxc3 Na5 15. Kh1 Nxb3 16. axb3 a5 17. Rg1 Kh8 18. f4 Qd7 19. Qd3 1/2-1/2